000 00324nam a22001457a 4500
003 SGT
082 _a612.05
_bB16V
100 _aVASHUDEVAN, DM
245 _aTB. OF BIOCHEMISTRY FOR MEDICAL STUDENTS
250 _a8TH
260 _aINDIA
_bJAYPEE
_c2016
300 _a718
650 _aBIOCHEMISTRY
942 _2ddc
_cBK
_0325
999 _c10583
_d10583